| 000 | 00526nam a22001937a 4500 | ||
|---|---|---|---|
| 003 | OSt | ||
| 005 | 20160907132946.0 | ||
| 008 | 160907b xxu||||| |||| 00| 0 eng d | ||
| 020 | _a9780470048962 | ||
| 040 | _cDDC. | ||
| 082 | _a003.5GOL 2006. | ||
| 100 |
_aGolnaraghi,Farid;Kuo,C.Benjamin; _911012 |
||
| 245 | _aAutomatic Control systems. | ||
| 260 |
_aIndiana; _bwiley and sons. _c2006. |
||
| 300 |
_axiii,786p; _bcol,ill; _c26cm. |
||
| 504 | _aincludes index. | ||
| 650 |
_aControl systems. _911013 |
||
| 942 |
_2ddc _cO_SHELF |
||
| 999 |
_c5164 _d5164 |
||